000 00402nam a2200169 i 4500
001 bg
100 1 _aWINSTON, Patrick Henry
245 0 _aArtificial intelligence /
_cPatrick Henry Winston.
250 _a2nd ed.
260 _aLondon,
_c1984.
650 9 _aInteligencja sztuczna
040 _cBPK
041 _apol
080 _a004.8
942 _cKS
008 s pl f |000 0 pol
999 _c23705
_d23705
856 _uhttp://koha.tu.koszalin.pl/cgi-bin/koha/opac-detail.pl?biblionumber=23705
_yKatalog online BPK